LEADER 01339nam 2200445 450 001 9910671794703321 010 $a1-5129-4216-2 035 $a(CKB)3790000000475603 035 $a(MiAaPQ)EBC4909214 035 $a(OCoLC)1105905765 035 $a(FlNmELB)ELB68884 035 $a(EXLCZ)993790000000475603 100 $a20170912d2017 uy 0 101 0 $aspa 135 $aurcnu|||||||| 181 $2rdacontent 182 $2rdamedia 183 $2rdacarrier 200 10$aEstatuto aduanero colombiano $eDecreto 390 de marzo 7 de 2016 /$fRamo?n Eduardo Guacaneme 210 1$aBogota? :$cGrupo Editorial Nueva Legislacio?n SAS,$d2017. 215 $a1 online resource (lxx, 796 pa?ginas) 300 $aIncluye i?ndice. 311 $a958-56087-9-0 606 $aLaw$zColombia 606 $aDerecho$zColombia 606 $aCustoms administration$zColombia 606 $aAdministracio?n aduanera$zColombia 608 $aLibros electronicos. 615 0$aLaw 615 4$aDerecho 615 0$aCustoms administration 615 4$aAdministracio?n aduanera 676 $a382.70986105 700 $aGuacaneme$b Ramo?n Eduardo$01336623 801 0$bFINmELB 801 1$bFINmELB 906 $aBOOK 912 $a9910671794703321 996 $aEstatuto aduanero colombiano$93053685 997 $aUNINA